Quick Pick: Companies Named After Founder Quiz Stats

 Plays Quiz Updated Aug 10, 2018

Score 0/12 Timer 01:00
1 Play Today
% Correct
Ford
96.8%
Disney
96.5%
Harley-Davidson
93.5%
Philips
89.8%
Bosch
85.9%
Gillette
84.3%
Dunlop
76.9%
Dell
73.9%
Chrysler
73.4%
Yamaha
58.6%
Nestlé
44.7%
Mars
43.7%

Today's Daily Dose

Missing Word
Banned Books (A-Z)

Word Ladder
Janis Joplin

Get the Picture
Occupations

You're not logged in!

Compare scores with friends on all Sporcle quizzes.
OR
Log In

Sporcle TV

Today on Sporcle TV


Watch our educational content, quiz creation guides, and fun videos on Sporcle TV.

Show Comments

Extras

Top Quizzes Today


Score Distribution

Your Account Isn't Verified!

In order to create a playlist on Sporcle, you need to verify the email address you used during registration. Go to your Sporcle Settings to finish the process.

Report this User

Report this user for behavior that violates our Community Guidelines.

Details: